Lễ hội truyền thống vùng đất Tổ
Hội làng quê nghiên cứu lễ hội người Việt đi từ đất Tổ Phú Thọ. Lễ hội đền Hùng. Lễ hội đền Mẫu Âu Cơ. Lễ hội Hiền Quan. Lễ hội trò Trám và rước lúa thần. Lễ hội Phùng Xá, làng Đào Xá, làng Thạch Khoán, làng Hùng Lô, làng Ngọc Tân, lễ Tết nhảy của dân tộc Dao xã Nga Hoàng....
Đã lưu trong:
| Tác giả chính: | |
|---|---|
| Định dạng: | Sách |
| Ngôn ngữ: | Vietnamese |
| Được phát hành: |
H.
Văn hóa thông tin
2013
|
| Loạt: | ĐTTS ghi: Hội Văn nghệ dân gian Việt Nam.
|
| Những chủ đề: | |
| Các nhãn: |
Thêm thẻ
Không có thẻ, Là người đầu tiên thẻ bản ghi này!
|
| Thư viện lưu trữ: | Mạng thư viện Đại học Đà Nẵng |
|---|
| LEADER | 01588nam a2200349 4500 | ||
|---|---|---|---|
| 001 | 000019539 | ||
| 003 | 15974 | ||
| 005 | 20140723160712.0 | ||
| 008 | 140616s2013 viesd | ||
| 041 | 0 | |a vie | |
| 082 | 1 | 4 | |a 394.0959721 |b ĐĂ-T |
| 100 | 1 | |a Đặng Đình Thuận | |
| 245 | 1 | 0 | |a Lễ hội truyền thống vùng đất Tổ |c Đặng Đình Thuận |
| 260 | |a H. |b Văn hóa thông tin |c 2013 | ||
| 300 | |a 231 tr. |c 21 cm. | ||
| 490 | |a ĐTTS ghi: Hội Văn nghệ dân gian Việt Nam. | ||
| 504 | |a Thư mục: tr. 229-231 | ||
| 520 | 3 | |a Hội làng quê nghiên cứu lễ hội người Việt đi từ đất Tổ Phú Thọ. Lễ hội đền Hùng. Lễ hội đền Mẫu Âu Cơ. Lễ hội Hiền Quan. Lễ hội trò Trám và rước lúa thần. Lễ hội Phùng Xá, làng Đào Xá, làng Thạch Khoán, làng Hùng Lô, làng Ngọc Tân, lễ Tết nhảy của dân tộc Dao xã Nga Hoàng. | |
| 650 | 0 | 4 | |a Văn hóa dân gian |x Nghiên cứu |x Vùng đất Tổ |z Việt Nam |
| 653 | |a Văn hóa dân gian | ||
| 653 | |a Lễ hội truyền thống | ||
| 653 | |a Đất Tổ | ||
| OWN | |a LSP | ||
| AVA | |a UDN50 |b LSP |d 394.0959721 ĐĂ-T |e available |t Error 5001 Not defined in file expand_doc_bib_avail. |f 1 |g 0 |h N |i 0 |k 1 | ||
| 999 | |a From the UDN01 | ||
| AVA | |a UDN50 |b LSP |d 394.0959721 ĐĂ-T |e available |t Error 5001 Not defined in file expand_doc_bib_avail. |f 1 |g 0 |h N |i 0 |k 1 | ||
| TYP | |a Monograph | ||
| TYP | |a Printed language | ||
| 980 | |a Mạng thư viện Đại học Đà Nẵng | ||